000 00798nam a22002417a 4500
005 20240530110926.0
008 220221s1985 ua c g b 000 0 ara d
017 _bمصر. دار الكتب
040 _aEG-CaGPL
_cEG-CaGPL
082 0 4 _221
_a414 /
_bع ع
100 0 _aعبدالعزيز عتيق
245 _aعلم المعانى /
_cعبدالعزيز عتيق
260 _aبيروت :
_bدار النهضة العربية،
_c1985
300 _a208 ص؛
_c24 سم
490 _aفى البلاغة العربية
650 0 7 _aالبلاغة العربية
_2qrmak
650 0 7 _aعلم المعانى
_2qrmak
650 0 7 _aعلم الكلام
_2qrmak
650 0 7 _aالخبر
_2qrmak
651 _2qrmak
942 _2ddc
_cBK
999 _c66581
_d66581